| 000 | 00607nam a2200217Ia 4500 | ||
|---|---|---|---|
| 999 |
_c11620 _d11620 |
||
| 003 | GCL | ||
| 005 | 20240530095855.0 | ||
| 008 | 140319s9999 xx 000 0 eng d | ||
| 040 |
_aGCL / _cGCL |
||
| 082 | 0 | 4 |
_a727.8 _bSV |
| 100 | 1 | _aLIBRARIES ACHITE CTURE | |
| 245 | 1 | 0 |
_aVIIPURI LIBRARY:1927-1935 AWAR AALTO / _cLIBRARIES ACHITE CTURE |
| 260 |
_a[S.N] : _bACADEMY EDITIONS ، _c1994 |
||
| 300 | _a95 | ||
| 650 | 0 | 4 | _aARCHITECTURE |
| 650 | 0 | 4 | _aLIBRAIES A CHITECTURE |
| 650 | 0 | 4 | _aAALTO, ALVAR |
| 700 | 1 | _aعبدالعظيم ا براهيم فرج | |
| 700 | 1 | _aSPENS, MICHAEL | |
| 942 |
_2ddc _cBK |
||